000
00320nam a22001457a 4500
008
210527b ||||| |||| 00| 0 eng d
020
_a
9780023483318
041
_a
eng
080
_a
510
082
_a
510
100
_a
38
101
_a
MAT
245
_a
Discrete Mathematics
_c
Jerrold W. Grossman
942
_2
udc
_c
BK
999
_c
57725
_d
57725